Geographic Groups of Six #1 - Statistics

General Stats
  • This quiz has been taken 93,032 times
    53,184 since last reset
  • The average score is 31 of 48
Answer Stats
Group Answer % Correct
Official languages of the UN English
95%
Longest rivers by continent Nile
93%
Official languages of the UN French
92%
European countries smaller than 500 km Vatican City
91%
Official languages of the UN Spanish
90%
Celtic nations Ireland
89%
Longest rivers by continent Amazon
88%
European countries smaller than 500 km Liechtenstein
87%
European countries smaller than 500 km San Marino
87%
European countries smaller than 500 km Andorra
86%
Official languages of the UN Chinese
86%
European countries smaller than 500 km Monaco
86%
Disney theme park cities Paris
84%
Celtic nations Scotland
83%
Disney theme park cities Orlando
81%
Celtic nations Wales
81%
Disney theme park cities Anaheim
78%
Longest rivers by continent Mississippi / Missouri
78%
European countries smaller than 500 km Malta
74%
Official languages of the UN Arabic
73%
States of Australia New South Wales
73%
States of Australia Queensland
73%
Most populous urban areas on the Great Lakes Chicago
72%
Official languages of the UN Russian
72%
Disney theme park cities Tokyo
67%
States of Australia Tasmania
66%
Capital cities that start with R Rome
64%
States of Australia Western Australia
64%
Most populous urban areas on the Great Lakes Detroit
63%
States of Australia Victoria
60%
Longest rivers by continent Yangtze
60%
Celtic nations Isle of Man
57%
Most populous urban areas on the Great Lakes Toronto
57%
Longest rivers by continent Volga
57%
Capital cities that start with R Riga
51%
States of Australia South Australia
51%
Capital cities that start with R Reykjavík
45%
Capital cities that start with R Riyadh
44%
Most populous urban areas on the Great Lakes Cleveland
39%
Disney theme park cities Shanghai
36%
Most populous urban areas on the Great Lakes Buffalo
35%
Most populous urban areas on the Great Lakes Milwaukee
35%
Capital cities that start with R Rabat
35%
Disney theme park cities Hong Kong
32%
Celtic nations Brittany
31%
Celtic nations Cornwall
27%
Longest rivers by continent Murray / Darling
25%
Capital cities that start with R Roseau
17%
No matching quizzes found
Score Distribution
Percent of People with Each Score
Percentile by Number Answered
Your Score History
You have not taken this quiz since the last reset